000 00468nam a2200193 a 4500
001 1767240987721
003 ACL
005 20260101095249.0
008 260101s2010##################000#0#eng##
020 _a9788184487442
082 0 4 _a617.30083
_bBEN
100 1 _aEbnezar, John,
_eauthor.
245 1 0 _aTextbook of Orthopedics :
260 _bJP Medical Ltd,
_c2010.
300 _a974 pages
650 0 _aMedical.
942 _cENGLISH
040 _aACL
_beng
_cACL
999 _c606279
_d606279